000 00472nam a22001697a 4500
005 20260409135945.0
008 260409b |||||||| |||| 00| 0 eng d
037 _cDSWL
040 _aDSWL
_cDSWL
041 _heng
245 _aIndia Exclusion Report 2013-2014
260 _aBanglore,
_bBooks For Change,
_c2014
300 _a259p
365 _aINR
_b995
942 _2CC
_cREF
_n0
999 _c1848176
_d1848176